Islam & Christianity : (Record no. 25319)

MARC details
000 -LEADER
fixed length control field 01319cam a22003614a 4500
001 - CONTROL NUMBER
control field 16883103
003 - CONTROL NUMBER IDENTIFIER
control field AUA.1
005 - DATE AND TIME OF LATEST TRANSACTION
control field 20260312154507.0
008 - FIXED-LENGTH DATA ELEMENTS--GENERAL INFORMATION
fixed length control field 110721s2011 mduab b 000 0 eng
010 ## - LIBRARY OF CONGRESS CONTROL NUMBER
LC control number 2011030669
020 ## - INTERNATIONAL STANDARD BOOK NUMBER
International Standard Book Number 9780828025928
035 ## - SYSTEM CONTROL NUMBER
System control number 16883103
040 ## - CATALOGING SOURCE
Original cataloging agency DLC
Transcribing agency DLC
Modifying agency DLC
042 ## - AUTHENTICATION CODE
Authentication code pcc
050 00 - LIBRARY OF CONGRESS CALL NUMBER
Classification number BS1556
Item number .R66 2011
082 00 - DEWEY DECIMAL CLASSIFICATION NUMBER
Classification number 236/.9
Edition number 23
100 1# - MAIN ENTRY--PERSONAL NAME
Personal name Roosenberg, Tim.
245 10 - TITLE STATEMENT
Title Islam & Christianity :
Remainder of title in prophecy /
Statement of responsibility, etc Tim Roosenberg with Tim Lale.
246 31 - VARYING FORM OF TITLE
Title proper/short title Islam and Christianity
260 ## - PUBLICATION, DISTRIBUTION, ETC. (IMPRINT)
Place of publication, distribution, etc Hagerstown, MD :
Name of publisher, distributor, etc Review and Herald Pub. Association,
Date of publication, distribution, etc c2011.
300 ## - PHYSICAL DESCRIPTION
Extent 221 p. :
Other physical details ill., maps ;
Dimensions 23 cm.
504 ## - BIBLIOGRAPHY, ETC. NOTE
Bibliography, etc Includes bibliographical references.
630 00 - SUBJECT ADDED ENTRY--UNIFORM TITLE
Uniform title Bible.
Name of part/section of a work Daniel, XI-XII
General subdivision Prophecies.
630 00 - SUBJECT ADDED ENTRY--UNIFORM TITLE
Uniform title Bible.
Name of part/section of a work Daniel, XI-XII
General subdivision Criticism, interpretation, etc.
650 #0 - SUBJECT ADDED ENTRY--TOPICAL TERM
Topical term or geographic name as entry element Christianity and other religions
General subdivision Islam.
650 #0 - SUBJECT ADDED ENTRY--TOPICAL TERM
Topical term or geographic name as entry element Islam
General subdivision Relations
-- Christianity.
650 #0 - SUBJECT ADDED ENTRY--TOPICAL TERM
Topical term or geographic name as entry element Seventh-Day Adventists
General subdivision Doctrines.
700 1# - ADDED ENTRY--PERSONAL NAME
Personal name Lale, Tim,
Dates associated with a name 1964-
906 ## - LOCAL DATA ELEMENT F, LDF (RLIN)
a 7
b cbc
c orignew
d 1
e ecip
f 20
g y-gencatlg
942 ## - ADDED ENTRY ELEMENTS (KOHA)
Source of classification or shelving scheme Library of Congress Classification
Koha item type Books
Classification part BS 1556
Item part .R66 2011
Holdings
Withdrawn status Lost status Source of classification or shelving scheme Damaged status Not for loan Collection code Home library Current library Shelving location Date acquired Source of acquisition Cost, normal purchase price Serial Enumeration / chronology Total Checkouts Full call number Barcode Date last seen Cost, replacement price Price effective from Koha item type
    Library of Congress Classification     Books Judith Thomas Library Judith Thomas Library General Stacks 12/03/2026 Donation, Dr. Melak Tsegaw 20.00 AUA28070   BS 1556 .R66 2011 AUA28070 12/03/2026 20.00 12/03/2026 Books